[Event "COMMONWEALTH CHESS CHAMPIONSHI"]
[Site "Nagpur,India"]
[Date "2008.10.03"]
[Round "7.65"]
[White "Dhar-Barua, Saheli"]
[Black "Nihal, Manjunath"]
[Result "0-1"]
[WhiteElo "2180"]
[BlackElo "1947"]
[PlyCount "56"]
[EventDate "2008.09.28"]

1. e4 c5 2. Nf3 d6 3. d4 cxd4 4. Nxd4 Nf6 5. Nc3 a6 6. Be2 e6 7. O-O Be7 8. Kh1
Nc6 9. Be3 Qc7 10. a4 O-O 11. f4 Re8 12. Bf3 Bf8 13. g4 Nxd4 14. Bxd4 e5 15.
Bf2 exf4 16. g5 Nd7 17. Nd5 Qd8 18. Rg1 b6 19. Qd2 Bb7 20. Qxf4 Bxd5 21. exd5
Ne5 22. Be4 g6 23. Ra3 Qd7 24. Qh4 Bg7 25. Rh3 Qxa4 26. b3 Qb4 27. Qxh7+ Kf8
28. c3 Qxe4+ 0-1

[Event "COMMONWEALTH CHESS CHAMPIONSHI"]
[Site "Nagpur,India"]
[Date "2008.10.03"]
[Round "7.66"]
[White "Pon, N  Krithika"]
[Black "Lolla, Sembhu"]
[Result "1-0"]
[WhiteElo "2156"]
[BlackElo "1945"]
[PlyCount "57"]
[EventDate "2008.09.28"]

1. e4 e6 2. d4 g6 3. Nc3 Bg7 4. Be3 Ne7 5. Qd2 d5 6. O-O-O dxe4 7. Nxe4 Nf5 8.
Bg5 f6 9. Be3 Nc6 10. Nf3 Nce7 11. c4 b6 12. Kb1 Bb7 13. Bd3 Nd6 14. Qc2 Nc6
15. a3 Na5 16. c5 Nxe4 17. Bxe4 Bxe4 18. Qxe4 Qd5 19. Qc2 O-O 20. h4 Nc4 21.
Rc1 b5 22. h5 f5 23. hxg6 hxg6 24. Bh6 Bxh6 25. Rxh6 Kg7 26. Rch1 Rh8 27. Qc1
Qe4+ 28. Ka1 f4 29. Rh7+ {Black resigns} 1-0

[Event "COMMONWEALTH CHESS CHAMPIONSHI"]
[Site "Nagpur,India"]
[Date "2008.10.03"]
[Round "7.68"]
[White "Santhosbaala, R S."]
[Black "Antonio, Viani D'cunha"]
[Result "1-0"]
[WhiteElo "1915"]
[BlackElo "2115"]
[PlyCount "91"]
[EventDate "2008.09.28"]

1. e4 c5 2. Nf3 e6 3. d3 Nc6 4. g3 g6 5. Bg2 Bg7 6. O-O Nge7 7. c3 O-O 8. Re1
d6 9. Nbd2 Rb8 10. Nf1 b5 11. d4 cxd4 12. cxd4 d5 13. e5 Qb6 14. g4 a5 15. Bg5
f6 16. exf6 Bxf6 17. Bxf6 Rxf6 18. g5 Rf8 19. Qd2 Nf5 20. Rad1 Nd6 21. Ne3 Ne4
22. Qc1 Bd7 23. Ng4 Rf5 24. Nh4 Nxd4 25. Nxf5 exf5 26. Bxe4 fxe4 27. Nf6+ Kg7
28. Rxd4 Qxd4 29. Qc7 Rf8 30. Qxd7+ Rf7 31. Qh3 h5 32. Qc3 Qxc3 33. bxc3 Re7
34. h4 Re5 35. Kf1 Kf7 36. Ke2 Rf5 37. Rb1 Rf4 38. Rxb5 Rxh4 39. Rxa5 Rh1 40.
Rxd5 Ra1 41. Rd2 h4 42. f3 h3 43. Ng4 Rg1 44. Kf2 Rc1 45. fxe4 Rxc3 46. Rd6 1-0

[Event "COMMONWEALTH CHESS CHAMPIONSHI"]
[Site "Nagpur,India"]
[Date "2008.10.03"]
[Round "7.69"]
[White "Pendalwar, Pankaj"]
[Black "Cholleti, Sahajasri"]
[Result "1/2-1/2"]
[WhiteElo "2115"]
[BlackElo "1918"]
[PlyCount "68"]
[EventDate "2008.09.28"]

1. e4 c5 2. Nf3 d6 3. d4 cxd4 4. Nxd4 Nf6 5. Nc3 a6 6. Be2 e5 7. Nb3 Be7 8. Bg5
Nbd7 9. Qd2 h6 10. Bxf6 Nxf6 11. Bf3 Qc7 12. O-O O-O 13. Rfd1 Be6 14. Nd5 Nxd5
15. exd5 Bf5 16. c3 Rac8 17. Qe2 Qc4 18. Qxc4 Rxc4 19. Be2 Rc7 20. Na5 Rfc8 21.
a4 Bd7 22. h3 Rb8 23. Ra3 b6 24. Nc6 Bxc6 25. dxc6 Rxc6 26. Bxa6 Rc7 27. Rb3
Rd7 28. c4 Rbd8 29. Rd5 Rf8 30. Rdb5 Bd8 31. Ra3 Bc7 32. Rd5 Rfd8 33. b4 Ra8
34. Bb7 Ra7 1/2-1/2

[Event "COMMONWEALTH CHESS CHAMPIONSHI"]
[Site "Nagpur,India"]
[Date "2008.10.03"]
[Round "7.71"]
[White "Rahul, Joshi"]
[Black "Ajith, M P."]
[Result "0-1"]
[WhiteElo "1902"]
[BlackElo "2104"]
[PlyCount "45"]
[EventDate "2008.09.28"]

1. e4 c5 2. d4 cxd4 3. c3 d3 4. Bxd3 Nc6 5. c4 d6 6. Nc3 g6 7. Be3 Bg7 8. Nge2
Nf6 9. f3 O-O 10. O-O a6 11. Nf4 e5 12. Nfd5 Nxd5 13. Nxd5 Be6 14. Be2 Bxd5 15.
Qxd5 Nd4 16. Bxd4 exd4 17. Bd3 Qb6 18. b3 h6 19. Rab1 Qb4 20. e5 dxe5 21. Bxg6
Rad8 22. Bxf7+ Kh8 23. h3 0-1

[Event "COMMONWEALTH CHESS CHAMPIONSHI"]
[Site "Nagpur,India"]
[Date "2008.10.03"]
[Round "7.72"]
[White "Divyasri, Ch"]
[Black "Sharath, E."]
[Result "1-0"]
[WhiteElo "2081"]
[BlackElo "1897"]
[PlyCount "120"]
[EventDate "2008.09.28"]

1. e4 c6 2. d4 d5 3. Nc3 dxe4 4. Nxe4 Nd7 5. Nf3 Ngf6 6. Nxf6+ Nxf6 7. h3 Bf5
8. Bd3 Bxd3 9. Qxd3 e6 10. Bg5 Be7 11. O-O-O Nd5 12. h4 h6 13. Bd2 Bd6 14. Rhe1
Qf6 15. Qb3 O-O-O 16. Kb1 Nb6 17. g4 Bf4 18. g5 Qf5 19. Bxf4 Qxf4 20. Rd3 hxg5
21. hxg5 Nd5 22. Red1 f6 23. gxf6 gxf6 24. Qa4 a6 25. Nd2 Qxf2 26. Ne4 Qe2 27.
Nc5 Nc7 28. Qb3 b5 29. a4 Qg4 30. axb5 cxb5 31. Rc1 Rxd4 32. Qa3 Rhd8 33. Nxa6
Qe4 34. Rc3 Rc4 35. Nxc7 Rxc7 36. Rxc7+ Kxc7 37. Qe7+ Rd7 38. Qxf6 Qd5 39. Re1
Rd6 40. Qe5 Kc6 41. Qc3+ Kb6 42. Qe5 Kc6 43. Re3 Qd1+ 44. Ka2 Qd5+ 45. Ka3 Qc5+
46. Qxc5+ Kxc5 47. Re5+ Kc4 48. b3+ Kc3 49. Rc5+ Kd4 50. Rxb5 e5 51. Rb4+ Kc5
52. Re4 Kd5 53. Re1 Re6 54. Kb4 e4 55. c4+ Kc6 56. Kc3 Re8 57. Re3 Rh8 58. Rxe4
Rh3+ 59. Kb4 Rh5 60. Re6+ Kd7 1-0

[Event "COMMONWEALTH CHESS CHAMPIONSHI"]
[Site "Nagpur,India"]
[Date "2008.10.03"]
[Round "7.73"]
[White "Gagare, Shardul"]
[Black "Satvik, M."]
[Result "1/2-1/2"]
[WhiteElo "2070"]
[BlackElo "1891"]
[PlyCount "61"]
[EventDate "2008.09.28"]

1. Nf3 Nf6 2. g3 g6 3. Bg2 Bg7 4. O-O O-O 5. d3 d5 6. Nbd2 c5 7. c4 Nc6 8. a3
Re8 9. cxd5 Nxd5 10. Nc4 e5 11. Ne3 Nb6 12. Nd2 Nd4 13. Nec4 Rb8 14. Nxb6 Qxb6
15. e3 Ne6 16. Qc2 Qc7 17. Ne4 b6 18. f4 exf4 19. gxf4 f5 20. Ng3 Bb7 21. Bd2
Rbd8 22. Bc3 Ba6 23. Rfd1 Qd6 24. Bf1 Nc7 25. Bxg7 Kxg7 26. Qf2 Nd5 27. Re1 Ne7
28. Rad1 Qd5 29. Qc2 Qd6 30. Qf2 Qd5 31. Qc2 1/2-1/2

[Event "COMMONWEALTH CHESS CHAMPIONSHI"]
[Site "Nagpur,India"]
[Date "2008.10.03"]
[Round "7.74"]
[White "Harini, S."]
[Black "Shubham Lakudkar"]
[Result "0-1"]
[WhiteElo "2070"]
[BlackElo "1885"]
[PlyCount "66"]
[EventDate "2008.09.28"]

1. e4 d5 2. exd5 Qxd5 3. Nc3 Qa5 4. Bc4 Nf6 5. h3 c6 6. Nf3 Bf5 7. d3 e6 8. Bd2
Qc7 9. Qe2 Nbd7 10. O-O-O O-O-O 11. g4 Bg6 12. Nh4 Nb6 13. Bb3 Bd6 14. Ng2 Rhe8
15. f4 Nfd5 16. Qf2 f6 17. Rhe1 Kb8 18. Ne4 Bf7 19. Nxd6 Qxd6 20. a3 Nd7 21. c4
N5b6 22. d4 c5 23. Be3 cxd4 24. Bxd4 Qc6 25. Kb1 e5 26. fxe5 Bg6+ 27. Ka2 fxe5
28. Bxe5+ Nxe5 29. Rxd8+ Rxd8 30. Rxe5 Nxc4 31. Rc5 Qe4 32. Bxc4 b6 33. Qg3+
Ka8 0-1

[Event "COMMONWEALTH CHESS CHAMPIONSHI"]
[Site "Nagpur,India"]
[Date "2008.10.03"]
[Round "7.75"]
[White "Raghavi, N."]
[Black "Ulhas, Vaidya"]
[Result "1-0"]
[WhiteElo "2064"]
[BlackElo "1867"]
[PlyCount "119"]
[EventDate "2008.09.28"]

1. e4 e5 2. Bc4 Bc5 3. Nf3 Nc6 4. O-O Nf6 5. d3 O-O 6. c3 d6 7. h3 h6 8. d4 Bb6
9. Re1 a6 10. dxe5 Nxe5 11. Bb3 Bd7 12. Nd4 Qc8 13. Nd2 Nd3 14. Re3 Nxc1 15.
Rxc1 c5 16. Nc4 Bc7 17. Ne2 Rd8 18. Nd2 b5 19. c4 Bc6 20. Nc3 Bb6 21. Nd5 Bxd5
22. exd5 Re8 23. Nf1 Ba5 24. Qd3 Qd7 25. Rg3 Re5 26. Ne3 Rae8 27. Bc2 bxc4 28.
Nxc4 Re1+ 29. Rxe1 Bxe1 30. Re3 Bb4 31. a3 Be1 32. Qe2 Rxe3 33. Qxe3 Qb5 34.
Qe7 Ba5 35. Nxd6 Qd7 36. Qxd7 Nxd7 37. Bd3 Bc7 38. Nb7 Nb8 39. Nxc5 Be5 40.
Nxa6 Nxa6 41. Bxa6 Bxb2 42. a4 Kf8 43. d6 Ke8 44. Bb5+ Kd8 45. a5 Bc3 46. a6
Bd4 47. Kf1 f5 48. Ke2 g5 49. g4 fxg4 50. hxg4 Bb6 51. f3 Kc8 52. Kd3 Kb8 53.
Ke4 Bc5 54. Kd5 Bb6 55. Ke6 Kc8 56. d7+ Kd8 57. Kd6 h5 58. gxh5 g4 59. fxg4 Be3
60. Kc6 1-0

[Event "COMMONWEALTH CHESS CHAMPIONSHI"]
[Site "Nagpur,India"]
[Date "2008.10.03"]
[Round "7.76"]
[White "Sathya, Priya S V"]
[Black "Mitali, Madhukar Patil"]
[Result "1-0"]
[WhiteElo "1882"]
[BlackElo "2050"]
[PlyCount "111"]
[EventDate "2008.09.28"]

1. d4 f5 2. Nf3 Nf6 3. c4 e6 4. Nc3 Bb4 5. Qc2 O-O 6. a3 Bxc3+ 7. Qxc3 Ne4 8.
Qc2 d6 9. e3 Nd7 10. Bd3 Ndf6 11. O-O Qe8 12. Nd2 e5 13. Bxe4 fxe4 14. Nxe4
exd4 15. Nxf6+ Rxf6 16. exd4 Bf5 17. Qd1 Qg6 18. Qb3 Raf8 19. f4 h5 20. d5 h4
21. h3 Re8 22. Bd2 b6 23. Rae1 Be4 24. Rf2 Rf7 25. Qc3 Rfe7 26. Re3 Qf5 27. Qd4
Qg6 28. Rfe2 Qf5 29. Bc3 Qxf4 30. Rxe4 Qc1+ 31. Re1 Qg5 32. Rxe7 Rxe7 33. Rxe7
Qxe7 34. Qxg7+ Qxg7 35. Bxg7 Kxg7 36. Kf2 Kf6 37. g3 hxg3+ 38. Kxg3 Kg5 39. h4+
Kh5 40. Kh3 a6 41. a4 a5 42. b3 Kh6 43. Kg4 Kg6 44. h5+ Kh6 45. Kf5 Kxh5 46.
Ke6 Kg5 47. Kd7 Kf4 48. Kxc7 Ke5 49. Kxb6 Kd4 50. Kxa5 Kc5 51. b4+ Kxc4 52. b5
Kxd5 53. b6 Kc6 54. Ka6 Kd7 55. b7 d5 56. b8=Q 1-0

[Event "COMMONWEALTH CHESS CHAMPIONSHI"]
[Site "Nagpur,India"]
[Date "2008.10.03"]
[Round "7.77"]
[White "Nisha, N  Patkar"]
[Black "Majumdar, Chandrasish"]
[Result "0-1"]
[WhiteElo "1846"]
[BlackElo "2050"]
[PlyCount "84"]
[EventDate "2008.09.28"]

1. e4 c5 2. b3 Nc6 3. Bb2 e5 4. Bc4 d6 5. Bb5 Nge7 6. Ne2 a6 7. Bxc6+ Nxc6 8.
a4 g6 9. O-O Bg7 10. f4 O-O 11. f5 Qg5 12. Ng3 Ne7 13. Qf3 Bf6 14. d3 Qh6 15.
Bc1 Qg7 16. Ra2 h5 17. fxg6 fxg6 18. h3 Be6 19. Qe2 Nc6 20. Be3 Nd4 21. Bxd4
exd4 22. Nh1 Bg5 23. Nf2 Be3 24. c4 Qe5 25. Kh1 Qg3 26. Nd2 Rxf2 27. Rxf2 Qxf2
28. Qxf2 Bxf2 29. Nf3 Be3 30. Kh2 g5 31. g3 Rf8 32. Ne1 Rf1 33. Re2 Rf2+ 34.
Rxf2 Bxf2 35. Ng2 h4 36. g4 Kg7 37. Kh1 Kf6 38. Kh2 Ke5 39. Kh1 Bd7 40. Kh2 Bc6
41. Kh1 Bxe4 42. dxe4 d3 0-1

[Event "COMMONWEALTH CHESS CHAMPIONSHI"]
[Site "Nagpur,India"]
[Date "2008.10.03"]
[Round "7.79"]
[White "Rathore, Sonakshi"]
[Black "Ghosh, Diptayan"]
[Result "1/2-1/2"]
[WhiteElo "1838"]
[BlackElo "2028"]
[PlyCount "68"]
[EventDate "2008.09.28"]

1. e4 e5 2. Nf3 Nc6 3. Bb5 a6 4. Bxc6 dxc6 5. O-O Bg4 6. h3 Bxf3 7. Qxf3 Qd7 8.
d3 O-O-O 9. Nd2 f6 10. Nc4 h5 11. Bd2 g5 12. Ne3 Bc5 13. Qf5 Qxf5 14. Nxf5 Ne7
15. Nxe7+ Bxe7 16. Be3 c5 17. Rad1 Kd7 18. Rfe1 Ke6 19. Re2 Rd7 20. Red2 Rhd8
21. Kf1 b6 22. Ke2 Bf8 23. f3 Rg7 24. Rh1 Be7 25. Ke1 b5 26. g3 Rh8 27. Rg2 h4
28. f4 Rd8 29. Rd2 Bd6 30. Ke2 Rgd7 31. Rhd1 Bf8 32. Kf2 Be7 33. Ke2 Bf8 34.
Kf2 Be7 1/2-1/2

[Event "COMMONWEALTH CHESS CHAMPIONSHI"]
[Site "Nagpur,India"]
[Date "2008.10.03"]
[Round "7.80"]
[White "De Silva, Osheen"]
[Black "Shweta, Gole"]
[Result "1-0"]
[WhiteElo "2022"]
[BlackElo "1784"]
[PlyCount "115"]
[EventDate "2008.09.28"]

1. d4 Nf6 2. c4 e6 3. Nc3 c5 4. d5 d6 5. Nf3 Be7 6. Bf4 exd5 7. cxd5 O-O 8. e4
Bg4 9. Be2 Re8 10. O-O a6 11. a4 Bf8 12. Nd2 Bxe2 13. Qxe2 Nbd7 14. Nc4 Nb6 15.
Rfd1 Nxc4 16. Qxc4 Rb8 17. f3 Nh5 18. Bd2 g6 19. g4 Nf6 20. Bg5 Bg7 21. a5 Qd7
22. Rd2 h6 23. Bf4 Qe7 24. Na4 Nd7 25. Ra3 Ne5 26. Qf1 Nxg4 27. fxg4 Qxe4 28.
h3 Bd4+ 29. Kh2 Qxd5 30. Rf3 g5 31. Nc3 Qe6 32. Re2 Qg6 33. Bg3 Rbd8 34. Nd5
Rxe2+ 35. Qxe2 Qe6 36. Nf6+ Kg7 37. Nh5+ Kh8 38. Qxe6 fxe6 39. Rb3 Rd7 40. Be1
d5 41. Bc3 Bxc3 42. Rxc3 Rc7 43. Kg2 Kg8 44. Kf3 Kf7 45. Ke2 c4 46. Rf3+ Ke7
47. Kd2 d4 48. Rf6 Rc5 49. Rxh6 Rb5 50. Kc1 Rxa5 51. Rh7+ Kd6 52. Rxb7 e5 53.
Ng3 Rb5 54. Rxb5 axb5 55. Ne4+ Kd5 56. Nxg5 e4 57. h4 e3 58. h5 {Score Sheet
is not Clear-} 1-0

[Event "COMMONWEALTH CHESS CHAMPIONSHI"]
[Site "Nagpur,India"]
[Date "2008.10.03"]
[Round "7.82"]
[White "Rishi, Thariani"]
[Black "Navya Vyshnavi Mannepalli"]
[Result "1-0"]
[WhiteElo "2021"]
[BlackElo "1752"]
[PlyCount "69"]
[EventDate "2008.09.28"]

1. e4 g6 2. d4 Bg7 3. c3 e6 4. Bd3 Ne7 5. Be3 d5 6. Nd2 b6 7. Ne2 Bb7 8. O-O
O-O 9. f4 Nd7 10. e5 c5 11. g4 f6 12. Nf3 cxd4 13. cxd4 fxe5 14. fxe5 Nc6 15.
a3 Rc8 16. Ng3 Rf7 17. h4 Na5 18. h5 Nf8 19. hxg6 Nxg6 20. Ng5 Rxf1+ 21. Qxf1
Qe8 22. Nh5 Nc4 23. Qh3 a6 24. Nxg7 Kxg7 25. Nxe6+ Qxe6 26. Bf5 Qf7 27. Qh6+
Kg8 28. Bxg6 Qg7 29. Bf5 Nxe3 30. Be6+ Kf8 31. Qxe3 Rc2 32. Rf1+ Ke8 33. Qd3
Rc6 34. Qf5 Bc8 35. Bxc8 1-0

[Event "COMMONWEALTH CHESS CHAMPIONSHI"]
[Site "Nagpur,India"]
[Date "2008.10.03"]
[Round "7.85"]
[White "Preethi, R."]
[Black "Anjana Krishna, S."]
[Result "1-0"]
[WhiteElo "2183"]
[BlackElo "1845"]
[PlyCount "136"]
[EventDate "2008.09.28"]

1. e4 e5 2. Nf3 Nc6 3. Bc4 Bc5 4. c3 Qe7 5. O-O d6 6. d4 Bb6 7. h3 Nf6 8. Re1
h6 9. Be3 O-O 10. Nbd2 Bd7 11. a4 a6 12. Qc2 Nh7 13. Rad1 exd4 14. cxd4 Rae8
15. Nf1 Ba5 16. Bd2 Bxd2 17. Qxd2 Bc8 18. Ng3 Qd7 19. Qc3 Ne7 20. Qb3 Nc6 21.
Qc2 Qe7 22. Qd2 Qd7 23. Qf4 Ne7 24. Bb3 Ng6 25. Qd2 c6 26. Bc2 Ne7 27. Nh4 Qc7
28. Nh5 Kh8 29. Re3 g6 30. Ng3 Kg7 31. Rc3 Qd8 32. Nf3 Be6 33. Ne2 Ng8 34. Nf4
Bd7 35. Rb3 b5 36. axb5 axb5 37. Ra3 Ng5 38. Nxg5 hxg5 39. Ne2 g4 40. hxg4 Bxg4
41. f3 Bc8 42. Ra7 Re7 43. Ra8 Qb6 44. Rda1 Bb7 45. R8a5 Ree8 46. Bb3 Ra8 47.
Rxa8 Rxa8 48. Rxa8 Bxa8 49. Qf4 Qc7 50. Kf2 Bb7 51. Nc3 b4 52. Na2 c5 53. dxc5
Qxc5+ 54. Qe3 Nf6 55. e5 Nd7 56. exd6 Qxd6 57. Bc4 Ne5 58. Be2 Nc6 59. Qb6 Qd7
60. Nxb4 Nxb4 61. Qxb4 f6 62. Qc5 Ba8 63. b4 Qb7 64. Bd3 Qf7 65. b5 Qa2+ 66.
Kg3 Qf7 67. b6 f5 68. Bc4 Bb7 1-0

[Event "COMMONWEALTH CHESS CHAMPIONSHI"]
[Site "Nagpur,India"]
[Date "2008.10.03"]
[Round "7.86"]
[White "Ojas Gulhane"]
[Black "Navalgund, Niranjan"]
[Result "0-1"]
[WhiteElo "1822"]
[BlackElo "2091"]
[PlyCount "139"]
[EventDate "2008.09.28"]

1. c4 c5 2. Nc3 Nc6 3. Nf3 Nf6 4. e4 d6 5. d4 cxd4 6. Nxd4 g6 7. Be2 Nxd4 8.
Qxd4 Bg7 9. Be3 O-O 10. Qd2 Be6 11. O-O Qa5 12. Rac1 Rfc8 13. b3 Ng4 14. Bxg4
Bxg4 15. f3 Be6 16. Bd4 Bf8 17. Rfe1 Qb4 18. Qf2 Qa5 19. Rc2 Rc6 20. Nb5 a6 21.
Bc3 Qd8 22. Nd4 Rc5 23. Bb4 Rcc8 24. Bc3 Bd7 25. Rec1 b5 26. cxb5 axb5 27. Be1
Rxc2 28. Rxc2 Qb6 29. Ne2 Qb7 30. Nc3 Be6 31. Qe2 Rc8 32. Nb1 Rb8 33. Bf2 Bg7
34. Na3 f5 35. Nb1 Bd7 36. Nc3 fxe4 37. Nxe4 Bf5 38. g4 Bd7 39. Qd3 Rf8 40. Bh4
Be6 41. h3 Be5 42. Kg2 Bf7 43. Bg3 Bg7 44. Rd2 Kh8 45. Re2 Bd5 46. Rd2 Bc6 47.
Re2 b4 48. Re1 Bb5 49. Qe3 Ra8 50. Qf2 Qa7 51. Qxa7 Rxa7 52. Rd1 Rxa2+ 53. Rd2
Ra3 54. Bh4 Bf8 55. Rb2 Kg7 56. Ng5 Bd7 57. Be1 Ra5 58. Ne4 Rb5 59. Rc2 Rb7 60.
Nf2 d5 61. Nd3 e6 62. Ne5 Bb5 63. Bf2 Kf6 64. Bd4 Ke7 65. f4 Kd8 66. Kf3 Bd6
67. Ke3 Ke7 68. Rc8 Be8 69. Rc2 Bb8 70. g5 {Score Sheet is not Clear-} 0-1

[Event "COMMONWEALTH CHESS CHAMPIONSHI"]
[Site "Nagpur,India"]
[Date "2008.10.03"]
[Round "7.87"]
[White "Mehta, Praful"]
[Black "Eshwanth Dev Kumar J"]
[Result "0-1"]
[WhiteElo "2084"]
[BlackElo "1826"]
[PlyCount "62"]
[EventDate "2008.09.28"]

1. e4 c5 2. Nf3 d6 3. d4 cxd4 4. Nxd4 Nf6 5. Nc3 e6 6. Be3 a6 7. f3 b5 8. Qd2
Bb7 9. g4 h6 10. O-O-O Nbd7 11. h4 b4 12. Na4 Qa5 13. b3 Nc5 14. a3 Rc8 15.
axb4 Nxb3+ 16. Nxb3 Qxa4 17. Kb2 d5 18. Ra1 Qxb4 19. c3 Qe7 20. Rxa6 Bxa6 21.
Bxa6 Qa3+ 22. Kc2 Qa2+ 23. Kd1 Qxa6 24. Ke1 Qb7 25. Qa2 Ra8 26. Qc2 Ra5 27. Bc5
Bxc5 28. Nxc5 Ra1+ 29. Kf2 Rxh1 30. Qa4+ Nd7 31. Qb4 Rb1 0-1

[Event "COMMONWEALTH CHESS CHAMPIONSHI"]
[Site "Nagpur,India"]
[Date "2008.10.03"]
[Round "7.88"]
[White "Kashyap, Rahul B"]
[Black "Anuprita, Patil"]
[Result "0-1"]
[WhiteElo "1812"]
[BlackElo "2068"]
[PlyCount "74"]
[EventDate "2008.09.28"]

1. Nf3 c5 2. c4 Nc6 3. Nc3 g6 4. d4 cxd4 5. Nxd4 Bg7 6. Nf3 d6 7. e4 Nf6 8. Be2
O-O 9. h3 b6 10. Be3 Bb7 11. O-O Rc8 12. Qd2 Na5 13. e5 dxe5 14. b3 Qxd2 15.
Nxd2 Nc6 16. Rac1 Nd4 17. Nf3 Ne4 18. Bxd4 exd4 19. Nb5 Rfd8 20. Rfd1 Nc3 21.
Nxc3 dxc3 22. Bd3 Rd6 23. Ne1 Rcd8 24. Kf1 e5 25. f3 Kf8 26. Kf2 f5 27. Bb1
Rd2+ 28. Rxd2 cxd2 29. Rd1 dxe1=Q+ 30. Kxe1 Rxd1+ 31. Kxd1 e4 32. Ke2 exf3+ 33.
gxf3 Ke7 34. Ke3 Kd6 35. Kd3 Bxf3 36. Ke3 Bg2 37. h4 Ke5 0-1

[Event "COMMONWEALTH CHESS CHAMPIONSHI"]
[Site "Nagpur,India"]
[Date "2008.10.03"]
[Round "7.89"]
[White "Shah, Dhruv"]
[Black "Yashas, D."]
[Result "0-1"]
[WhiteElo "1791"]
[BlackElo "1992"]
[PlyCount "70"]
[EventDate "2008.09.28"]

1. e4 c5 2. Nf3 Nc6 3. d4 cxd4 4. Nxd4 Nf6 5. Nc3 e5 6. Ndb5 d6 7. Bg5 a6 8.
Na3 b5 9. Bxf6 gxf6 10. Nd5 Bg7 11. c3 Ne7 12. Nxe7 Qxe7 13. Bd3 f5 14. Nc2 f4
15. Nb4 O-O 16. a4 bxa4 17. Rxa4 Qg5 18. Rg1 a5 19. Nd5 Bb7 20. Bc2 Kh8 21. h3
Bc6 22. Ra2 f5 23. exf5 f3 24. g4 e4 25. Ba4 Bb7 26. c4 Rac8 27. b3 Bxd5 28. h4
Qf4 29. g5 Bc3+ 30. Kf1 Qh2 31. Rd2 e3 32. fxe3 Qxd2 33. Qxd2 Bxd2 34. g6 hxg6
35. fxg6 Kg7 0-1

[Event "COMMONWEALTH CHESS CHAMPIONSHI"]
[Site "Nagpur,India"]
[Date "2008.10.03"]
[Round "7.90"]
[White "Krishna Teja, N."]
[Black "Ghate, V N."]
[Result "0-1"]
[WhiteElo "1766"]
[BlackElo "1972"]
[PlyCount "74"]
[EventDate "2008.09.28"]

1. d4 Nf6 2. c4 c5 3. d5 e6 4. Nc3 exd5 5. cxd5 d6 6. e4 g6 7. Bg5 Bg7 8. Bd3
h6 9. Bh4 O-O 10. Nf3 a6 11. a4 Re8 12. O-O Nbd7 13. Re1 Qc7 14. Qc2 Kh7 15. h3
Rb8 16. Bg3 Nh5 17. Bh2 Ne5 18. Nxe5 Bxe5 19. Bxe5 Rxe5 20. Re3 Nf4 21. Bc4 Qe7
22. Kh2 Bd7 23. Bf1 Re8 24. g3 Nxh3 25. Bxh3 Rh5 26. g4 Bxg4 27. Rh1 Qh4 28.
Kg2 f5 29. exf5 Rxe3 30. fxg6+ Kg7 31. fxe3 Bxh3+ 32. Kf3 Qg4+ 33. Kf2 Qg2+ 34.
Ke1 Qxc2 35. Nd1 Bg4 36. Rh2 Rxh2 37. Nc3 Rh1# 0-1

[Event "COMMONWEALTH CHESS CHAMPIONSHI"]
[Site "Nagpur,India"]
[Date "2008.10.03"]
[Round "7.92"]
[White "Kamath, Shreyas M"]
[Black "Pratyusha, Bodda"]
[Result "0-1"]
[WhiteElo "1729"]
[BlackElo "1933"]
[PlyCount "43"]
[EventDate "2008.09.28"]

1. e4 c5 2. Nc3 Nc6 3. g3 d6 4. Bg2 g6 5. d3 Bg7 6. f4 Nf6 7. Nf3 Bg4 8. h3
Bxf3 9. Qxf3 Nd7 10. O-O e6 11. Kh2 Rb8 12. g4 O-O 13. f5 exf5 14. gxf5 Nd4 15.
Qf2 Nf6 16. Nd1 Nh5 17. c3 Nc6 18. Kg1 Be5 19. Ne3 b5 20. Ng4 Bf4 21. Bxf4 Nxf4
22. Qc2 {Score Sheet is not Clear-} 0-1

[Event "COMMONWEALTH CHESS CHAMPIONSHI"]
[Site "Nagpur,India"]
[Date "2008.10.03"]
[Round "7.94"]
[White "Sree, Lakshmi V"]
[Black "Wettasinghe, S V."]
[Result "1-0"]
[WhiteElo "1921"]
[BlackElo "1765"]
[PlyCount "67"]
[EventDate "2008.09.28"]

1. d4 d5 2. Nf3 Nf6 3. Bf4 Bf5 4. e3 c6 5. Nbd2 e6 6. Ne5 Qb6 7. Qc1 Be7 8. Be2
Ne4 9. Nxe4 Bxe4 10. O-O f6 11. Nd3 Nd7 12. c4 Qd8 13. cxd5 exd5 14. Qd2 O-O
15. f3 Bg6 16. Rae1 Qe8 17. Bd1 Qf7 18. e4 Nb6 19. exd5 cxd5 20. b3 Rac8 21.
Nc5 Bxc5 22. dxc5 Rxc5 23. Bd6 Rfc8 24. Bxc5 Rxc5 25. Qe3 Nd7 26. Qe7 Ne5 27.
Qxc5 Nd3 28. Qc8+ Qf8 29. Qxf8+ Kxf8 30. Re3 d4 31. Re6 Nc5 32. Rd6 d3 33. Re1
a6 34. b4 1-0

[Event "Commonwealth Chess Championship 2008"]
[Site "Nagpur India"]
[Date "2008.10.03"]
[Round "?"]
[White "Ponnuswamy, Konguvel"]
[Black "R R, Laxman"]
[Result "1/2-1/2"]
[WhiteElo "2415"]
[BlackElo "2498"]
[PlyCount "84"]
[EventDate "2008.09.28"]
[Source "MonRoi"]

1. e4 e5 2. Nf3 Nc6 3. Bb5 a6 4. Ba4 Nf6 5. O-O Be7 6. Re1 b5 7. Bb3 O-O 8. c3
d6 9. h3 Nd7 10. d4 Bf6 11. a4 Bb7 12. axb5 axb5 13. Rxa8 Qxa8 14. d5 Ne7 15.
Na3 Ba6 16. Nc2 Nc5 17. Ne3 Nxb3 18. Qxb3 g6 19. Nc2 c5 20. Bh6 Bg7 21. Bxg7
Kxg7 22. Ra1 Rb8 23. Qa3 Rb6 24. b4 c4 25. Qc1 Qd8 26. Qe3 h6 27. g4 Bb7 28.
Ra5 Nc8 29. Nd2 Qg5 30. Qxg5 hxg5 31. Na3 Ba6 32. Kf1 Kf8 33. Ke2 Ke7 34. Ndxc4
bxc4 35. b5 Bxb5 36. Rxb5 Rxb5 37. Nxb5 Nb6 38. Kd2 f5 39. f3 fxe4 40. fxe4 Na4
41. Na3 Nc5 42. Ke3 Na4 1/2-1/2

[Event "Commonwealth Chess Championship 2008"]
[Site "Nagpur India"]
[Date "2008.10.03"]
[Round "?"]
[White "Arghyadip, Das"]
[Black "M R, Venkatesh"]
[Result "1/2-1/2"]
[WhiteElo "2404"]
[BlackElo "2462"]
[PlyCount "72"]
[EventDate "2008.09.28"]
[Source "MonRoi"]

1. e4 e5 2. Nf3 Nc6 3. Bb5 Nge7 4. O-O g6 5. c3 Bg7 6. d4 exd4 7. cxd4 d5 8.
exd5 Nxd5 9. Re1+ Be6 10. Ne5 O-O 11. Nxc6 bxc6 12. Bxc6 Rb8 13. Nc3 Nb4 14.
Be4 Bxd4 15. Bf4 Qf6 16. Be3 Rfd8 17. Bxd4 Rxd4 18. Qe2 Bc4 19. Qe3 Bd3 20.
Rac1 Rbd8 21. a3 Na2 22. Nxa2 Rxe4 23. Qxa7 Qxb2 24. Qxc7 Rde8 25. Rxe4 Bxe4
26. Nb4 Qxa3 27. Qc3 Qa8 28. f3 Bb7 29. Nc6 Bxc6 30. Qxc6 Qa7+ 31. Kh1 Qe3 32.
h3 Rd8 33. Qc7 Qg5 34. Re1 Rd2 35. Qb8+ Kg7 36. Qe5+ Qxe5 1/2-1/2

[Event "Commonwealth Chess Championship 2008"]
[Site "Nagpur India"]
[Date "2008.10.03"]
[Round "?"]
[White "Saha, Suvrajit"]
[Black "Ziaur, Rahman"]
[Result "1/2-1/2"]
[WhiteElo "2367"]
[BlackElo "2564"]
[PlyCount "78"]
[EventDate "2008.09.28"]
[Source "MonRoi"]

1. d4 d6 2. c4 e5 3. d5 Nd7 4. Nc3 Be7 5. Nf3 Ngf6 6. e4 Nc5 7. Nd2 a5 8. Be2
O-O 9. O-O g6 10. Rb1 Ne8 11. Nb3 b6 12. Nxc5 bxc5 13. Bh6 Ng7 14. a3 Bg5 15.
Bxg5 Qxg5 16. Qc1 Qe7 17. b4 axb4 18. axb4 cxb4 19. Rxb4 f5 20. Qb2 fxe4 21.
Nxe4 Bf5 22. Ng3 h5 23. Ra1 Rxa1+ 24. Qxa1 h4 25. Nf1 Qg5 26. Qc3 Be4 27. f3
Bf5 28. Qe3 Qe7 29. c5 g5 30. cxd6 cxd6 31. Ra4 Qf6 32. g4 hxg3 33. hxg3 Bd7
34. Ra7 Nf5 35. Qe4 Qd8 36. Ne3 Rf7 37. Bb5 Qb6 38. Bxd7 Qxa7 39. Bxf5 Rxf5
1/2-1/2

[Event "Commonwealth Chess Championship 2008"]
[Site "Nagpur India"]
[Date "2008.10.03"]
[Round "?"]
[White "Dibyendu, Barua"]
[Black "Babu M R, Lalith"]
[Result "1-0"]
[WhiteElo "2497"]
[BlackElo "2328"]
[PlyCount "41"]
[EventDate "2008.09.28"]
[Source "MonRoi"]

1. e4 c6 2. d4 d5 3. exd5 cxd5 4. c4 Nf6 5. Nc3 e6 6. Nf3 Be7 7. cxd5 Nxd5 8.
Bd3 Nc6 9. O-O O-O 10. a3 a6 11. Qe2 Nf6 12. Rd1 b5 13. Bg5 Qb6 14. d5 Na7 15.
Bc2 Bd8 16. d6 Bb7 17. Ne5 Nd5 18. Nxd5 Bxd5 19. Be7 Bxe7 20. dxe7 Rfc8 21.
Bxh7+ 1-0

[Event "Commonwealth Chess Championship 2008"]
[Site "Nagpur India"]
[Date "2008.10.03"]
[Round "?"]
[White "Kidambi, Sundararajan"]
[Black "S, Nitin"]
[Result "1/2-1/2"]
[WhiteElo "2446"]
[BlackElo "2303"]
[PlyCount "29"]
[EventDate "2008.09.28"]
[Source "MonRoi"]

1. Na3 Nf6 2. c4 g6 {Nc3 Bg7} 3. e4 d6 4. d4 {O-O Be2} e5 5. Be3 Ng4 6. Bg5 f6
7. Bh4 Nc6 8. d5 Ne7 {Nd2 h5 O-O Nh6} 9. f3 g5 10. Bf2 Ng6 11. g3 {Bh3 Re1 g4
Bf1 Bxf1 Rxf1} Qd7 12. Be3 f5 {Bxh6 Bxh6} 13. exf5 {Rxf5 fxg4 Rxf1 Nxf1 hxg4
Qd3 Kg7} Nxe3 {Rf8 Rf1 Bxe3 Qxe3 Rxf1 Kxf1 Qf5 Qf2 Qxf2} 14. Kf2 a6 {a4 Ne7 a5}
15. c5 {dxc6 Nxc6 Ne4} 1/2-1/2